Zatmenia a zákrytky nebeských telies (Grend Tour Slnečnou sústavou) = Eclipses and occulations of the celestial objects : Dipl.práca

Gespeichert in:
Bibliographische Detailangaben
1. Verfasser: Valach, Peter (Verfasst von)
Weitere Verfasser: Janči, Rastislav (Betreuung Doktorarbeit), Maštenová, Katarína (Betreuung Doktorarbeit)
Format: Manuskript Buch
Sprache:Slowakisch
Veröffentlicht: Bratislava : STU v Bratislave FEI, 1998
Schlagworte:
Tags: Tag hinzufügen
Keine Tags, Fügen Sie das erste Tag hinzu!

MARC

LEADER 00000ntm a22000003a 4500
001 stu50329
005 20160719164859.6
008 990719s1998------------------------slo-d
040 |a STU  |b slo 
041 0 |a slo 
100 1 |a Valach, Peter  |4 aut 
245 1 |a Zatmenia a zákrytky nebeských telies (Grend Tour Slnečnou sústavou) = Eclipses and occulations of the celestial objects :  |b Dipl.práca 
260 |a Bratislava :  |b STU v Bratislave FEI,  |c 1998 
300 |a 59 s., diskety 
650 7 |a informatika  |2 stusub 
700 1 |a Janči, Rastislav  |4 ths 
700 1 |a Maštenová, Katarína  |4 ths 
996 |b EDIPL-5792  |c I*DIPL-5792  |l II680  |s A  |a 24  |w stu50329_0001